MARC

LEADER 00000nab a2200000 4500
001 vtls012154102
003 SK-MaSNL
005 20260318114112.0
008 240402c2021 xo er|n || ||00 c0ukr
015 |a SNBRB2022/11 
038 |a SVKPOCL 
040 |a SVKPOCL  |b slo  |c SVKPOCL  |e rda 
041 0 |a ukr 
043 |a e-xo--- 
044 |a xo  |c SK 
072 7 |a 070  |x Noviny. Tlač. Žurnalistika  |2 konspekt 
072 7 |a 316.7  |x Sociológia kultúry. Kultúrny život  |2 konspekt 
080 |a 070.4-051(437.6)  |2 2011 
080 |a (437.6)  |2 2011 
080 |a 070.489  |2 2011 
080 |a 008  |2 2011 
080 |a 316.7  |2 2011 
100 1 |a Iľuk, Miroslav,  |d 1942-  |4 aut  |9 6395 
245 1 0 |a 12 serpnja 2021 r. Sojuz rusyniv-ukrajinciv ...  |c [autor] -mi- 
246 3 |a Dvanadcjatoho serpnja 2021 r. Sojuz rusyniv-ukrajinciv ... 
300 |b Fotografie 
336 |a text  |b txt  |2 rdacontent 
337 |a bez média  |b n  |2 rdamedia 
338 |a zväzok  |b nc  |2 rdacarrier 
500 |a V rubrike Dijal'nist' našoho Sojuzu 
500 |a Akronym odkrytý s autorovým súhlasom 
600 1 7 |a Dacko, Juraj,  |d 1931-  |2 SNKMA  |9 192461 
600 1 7 |a Bogdan, Pavol,  |d 1950-  |2 svkpocl  |9 484875 
600 1 7 |a Ljubimová, Jana  |2 svkpocl  |9 550132 
600 1 7 |a Begeni, Peter,  |d 1944-  |2 SNKMA  |9 115191 
600 1 7 |a Haščák, Viktor  |2 svkpocl  |9 716968 
610 2 7 |a Slovensko-ukrajinské informačné centrum (Prešov, Slovensko)  |2 svkpocl  |9 1235754 
610 2 7 |a Zväz Rusínov-Ukrajincov Slovenskej republiky  |2 SNKKA  |9 18604 
630 0 7 |a Nove žyttja (noviny)  |2 snkbucl  |9 1253065 
648 7 |a 12.8.2021  |2 svkpocl  |9 1339746 
650 0 7 |a publicisti  |2 SNKPH  |9 63929 
650 0 7 |a kultúrni pracovníci  |2 SNKPH  |9 74938 
650 0 7 |a osobnosti  |2 SNKPH  |9 29820 
650 0 7 |a rodáci  |2 SNKPH  |9 30842 
650 0 7 |a redaktori  |2 SNKPH  |9 30176 
650 0 7 |a novinári  |2 SNKPH  |9 24785 
650 0 7 |a Neznámi známi : «Žyttja z perom v ruci» (kultúrne podujatie)  |2 svkpocl  |9 1632539 
650 0 7 |a kultúrne podujatia  |2 SNKPH  |9 71676 
650 0 7 |a Ďakovný list (ocenenie)  |2 svkpocl  |9 1327294 
651 7 |a Slovensko  |2 SNKPHgeo  |9 14231 
651 7 |a Prešov (Slovensko)  |2 SNKPHgeo  |9 17347 
773 0 |t Nove žyttja  |g Roč. 71, č. 17 (2021), s. 2 
852 |a SVKPO  |b KIS3GCP 
958 |a UK 
958 |a BX 
958 |a SS 
958 |a SK 
958 |a NM 
999 |c 3364950  |d 3366880